000 00871nam a2200241 i 4500
001 13290
003 ES-MaACL
005 20250902185722.0
007 t|
008 980126s1997 sp ||||1| spa d
020 _a84-88973-56-X
080 _a061.75 Castro y Bravo, Federico de
080 _a34(460)(082.2)
245 0 0 _aConferencias en homenaje al profesor Federico de Castro y Bravo.
260 _aMadrid :
_bCentro de Estudios Registrales,
_c[1997]
300 _a198 p. ;
_c23 cm.
600 1 4 _aCastro y Bravo, Federico de,
_d1903-1983-
_vHomenajes
_936966
650 4 _aDerecho civil-
_zEspaña
_911659
700 1 _aCastro y Bravo, Federico de,
_d1903-1983
_936965
710 2 _aColegio de Registradores de la Propiedad y Mercantiles de España.
_bCentro de Estudios Registrales.
_9162314
852 _aES-MaACL
_jL-20622
999 _c13290
_d13290